Stuff I Want to Learn - Statistics

General Stats
  • This quiz has been taken 8 times
  • The average score is 6 of 12
Answer Stats
Hint Answer % Correct
Longest River in Africa Nile
100%
Longest River in South America Amazon
80%
Tallest Mountain in Africa Kilimanjaro
80%
Tallest Mountain in Asia Mt. Everest
80%
Longest River in Europe Volga
60%
Tallest Mountain in South America Aconcagua
40%
Tallest Mountain in North America Denali/Mt. McKinley
40%
Longest River in North America Missouri
40%
Longest River in Oceania Murray
40%
Tallest Mountain in Europe Mt. Elbrus
20%
Tallest Mountain in Oceania Mt. Wilhelm
0%
Longest River in Asia Tigres
0%
No matching quizzes found
Score Distribution
Percent of People with Each Score
Percentile by Number Answered
Your Score History
You have not taken this quiz